| 000 | 00727nam a2200241Ia 4500 | ||
|---|---|---|---|
| 003 | OSt | ||
| 005 | 20220925203706.0 | ||
| 006 | a|||||r|||| 00| 0 | ||
| 007 | ta | ||
| 008 | 220923b |||||||| |||| 00| 0 eng d | ||
| 037 | _cGeneral Book | ||
| 040 |
_aRTL _cRTL _beng |
||
| 041 |
_2eng _aeng |
||
| 082 | _aY:4353:5(R4), L7 | ||
| 100 |
_aAiken William _9266795 |
||
| 245 | 0 | _aWorld hunger and moral obligation | |
| 260 |
_aEnglewood _bCliffs New Jersey Prentice Hall _c1977 |
||
| 300 |
_avii, 195p _ccm. |
||
| 650 |
_aFamine and Drought _9232545 |
||
| 700 |
_a Fcllette Hugh La Ed. _9266796 |
||
| 942 |
_hY:4353:5(R4), L7 _cGB _2CC |
||
| 999 |
_c547419 _d547419 |
||